LIBRARY ONLINE CATALOGUE

Crazy busy : (Record no. 21411)

MARC details
000 -LEADER
fixed length control field 01277cam a2200361 i 4500
001 - CONTROL NUMBER
control field 17623792
003 - CONTROL NUMBER IDENTIFIER
control field OSt
005 - DATE AND TIME OF LATEST TRANSACTION
control field 20260313160856.0
008 - FIXED-LENGTH DATA ELEMENTS--GENERAL INFORMATION
fixed length control field 130212s2013 ilu b 001 0 eng
010 ## - LIBRARY OF CONGRESS CONTROL NUMBER
LC control number 2013005889
020 ## - INTERNATIONAL STANDARD BOOK NUMBER
International Standard Book Number 9781433533389
Qualifying information Trade paperback
020 ## - INTERNATIONAL STANDARD BOOK NUMBER
International Standard Book Number 9781433533396
Qualifying information PDF
020 ## - INTERNATIONAL STANDARD BOOK NUMBER
International Standard Book Number 9781433533402
Qualifying information Mobipocket
020 ## - INTERNATIONAL STANDARD BOOK NUMBER
International Standard Book Number 9781433533419
Qualifying information ePub
035 ## - SYSTEM CONTROL NUMBER
System control number 17623792
040 ## - CATALOGING SOURCE
Original cataloging agency DLC
Language of cataloging eng
Transcribing agency DLC
Description conventions rda
Modifying agency DLC
042 ## - AUTHENTICATION CODE
Authentication code pcc
050 00 - LIBRARY OF CONGRESS CALL NUMBER
Classification number BV4598.5
Item number .D49 2013
082 00 - DEWEY DECIMAL CLASSIFICATION NUMBER
Classification number 650.1/1
Edition number 23
100 1# - MAIN ENTRY--PERSONAL NAME
Personal name DeYoung, Kevin.
245 10 - TITLE STATEMENT
Title Crazy busy :
Remainder of title a (mercifully) short book about a (really) big problem /
Statement of responsibility, etc. Kevin DeYoung.
264 #1 - PRODUCTION, PUBLICATION, DISTRIBUTION, MANUFACTURE, AND COPYRIGHT NOTICE
Place of production, publication, distribution, manufacture Wheaton, Illinois :
Name of producer, publisher, distributor, manufacturer Crossway,
Date of production, publication, distribution, manufacture, or copyright notice [2013]
300 ## - PHYSICAL DESCRIPTION
Extent 124 pages ;
Dimensions 21 cm
336 ## - CONTENT TYPE
Content type term text
Source rdacontent
337 ## - MEDIA TYPE
Media type term unmediated
Source rdamedia
338 ## - CARRIER TYPE
Carrier type term volume
Source rdacarrier
504 ## - BIBLIOGRAPHY, ETC. NOTE
Bibliography, etc Includes bibliographical references and indexes
650 #0 - SUBJECT ADDED ENTRY--TOPICAL TERM
Topical term or geographic name as entry element Time management
General subdivision Religious aspects
-- Christianity.
776 08 - ADDITIONAL PHYSICAL FORM ENTRY
Relationship information Online version:
Main entry heading DeYoung, Kevin.
Title Crazy busy
Place, publisher, and date of publication Wheaton : Crossway, 2013
International Standard Book Number 9781433533396
Record control number (DLC) 2013010198
906 ## - LOCAL DATA ELEMENT F, LDF (RLIN)
a 7
b cbc
c orignew
d 1
e ecip
f 20
g y-gencatlg
942 ## - ADDED ENTRY ELEMENTS (KOHA)
Source of classification or shelving scheme Library of Congress Classification
Koha item type General Collection
Holdings
Withdrawn status Lost status Source of classification or shelving scheme Not for loan Home library Current library Shelving location Date acquired Source of acquisition Inventory number Total Checkouts Full call number Barcode Date last seen Copy number Price effective from Koha item type
    Library of Congress Classification   Kabarak, Main Campus Kabarak, Main Campus General Stacks 13/03/2026 Donation 2025/3218   BV4598.5 .D49 2013 C.1 39064 13/03/2026 C.1 13/03/2026 General Collection